000 00434nam a2200157 4500
001 123104
003 ES-MaACL
005 20230906192119.0
007 t|
008 070214s1952 sp r ||||0| spa d
245 0 0 _aProyecto de una Bibliografía Cidiana.
260 _aBurgos :
_bAbadía de Cardeña,
_c1952.
300 _a22 p ;
_c19 cm.
700 1 _aAbadía de Cardeña (Burgos)
_917949
852 _aES-MaACL
_j2027-F-9
_bR.33283
999 _c123104
_d123104